LEADER 01759nam a2200385 u 4500 001 000000064169 003 CaOOAMICUS 005 20070226121327.0 008 011114s1953 quc u000 u lat u 035 $a10909884 040 $aPUL(R)$bita 100 0 $aIohannes a Sancto Thoma,$cO.P.,$d1589-1644.$0(OLS)http://pul/name/14100 245 10$aDe spe :$bcursus thologicus in IIam-IIae /$cJoannes a Sancto Thoma ; Armand Mathieu et Herv{82} Gagn{82} ... editionem curaverunt. 246 30$aCursus theologicus 246 30$aIn IIam-IIae 260 $aQuebeci :$bPresses Universitaires Laval,$c1953. 300 $axxvi, 243 p. ;$c22 cm 490 1 $aCollectio Lavallensis.$aSectio Theologica 500 $aContiene indici. 504 $aBibliografia in nota. 650 4$aTeologia morale$xManuali, compendi, ecc.$0(OLS)http://pul/subject/21415 650 4$aVirtů teologali.$0(OLS)http://pul/subject/12274 650 4$aSperanza.$0(OLS)http://pul/subject/669 700 1 $aMathieu, Armand,$csac.$0(OLS)http://pul/name/43362 700 1 $aGagn{82}, Herv{82}.$0(OLS)http://pul/name/43363 710 2 $aUniversité Laval.$0(OLS)http://pul/name/43364 830 0$aCollectio Lavallensis.$pSectio Theologica.$0(OLS)http://pul/title/85423 850 $aPUL 852 $aPUL$W1$xSL Religione 1$y3$m80 E 21$j83231$nBK-PRI$b $qStampati$B83231$CPULBib$Z2$F83231 $H $81 941 1 $a8 961 $aINV: 36499 996 $6245$aDe spe :$bcursus thologicus in IIam-IIae$9(OLS)http://pul/title/85511 996 $6246$aCursus theologicus$9(OLS)http://pul/title/85421 996 $6246$aIn IIam-IIae$9(OLS)http://pul/title/85422 996 $6260$aQuebeci :$bPresses Universitaires Laval$9(OLS)http://pul/publisher/70804 LEADER 01257nam a2200337 a 4500 001 000000147985 003 CaOOAMICUS 005 20151204142853.0 008 151204m20159999it u000 u ita r 020 $a978-88-08-73723-6 (v. 2)* 032 $aLibriCat 040 $aPUL$bita 082 04$a346.4502 100 1 $aCalvo, Roberto,$d1965-$0(OLS)http://pul/name/71610 245 10$aDiritto civile /$cRoberto Calvo. 260 $aBologna :$bZanichelli,$c©2015- 300 $av. ;$c24 cm. 500 $aInclude indici. 504 $aBibliografia in nota. 505 1 $aV. 2. Il contratto. 650 4$aContratti$zItalia.$0(OLS)http://pul/subject/34565 740 32$aIl contratto. 850 $aPUL 852 $aPUL$W1$xSL Diritto e Scienze Sociali 3$y79$m346. 4502 CALRO 1.2$j170774$bv. 2$qDDC 21$B171804$CPULBib$Z2$F171804 $H126584 $81 941 1 $a9 996 $6020$a978-88-08-73723-6 (v. 2)*$9(OLS)http://pul/number/159199 996 $6082$a346.4502$9(OLS)http://pul/classification/1796 996 $6245$aDiritto civile$9(OLS)http://pul/title/53767 996 $6740$aIl contratto$9(OLS)http://pul/title/164813 996 $6260$aBologna :$bZanichelli$9(OLS)http://pul/publisher/48255